000 00393nam a22001697a 4500
005 20160614095138.0
008 160614b xxu||||| |||| 00| 0 eng d
020 _a978-81-203-3072-6
041 _aeng
082 _b7313
100 _aApte, Madkavi
_91829
245 _aA Course in English Communication
260 _bPHI
_c2008
300 _a201
650 _aManagement
_9241
942 _cBK
999 _c2573
_d2572